Obálka Náhled e-knihy:
PDF Epub
Pro půjčování e-knih musíte být přihlášeni.
Jak si půjčit online?

Titanic /

2. vydání knihy Titanic Temná nedělní noc ze 14. na 15. dubna 1912 před sto lety se stala tragickou pro nejluxusnější parník všech dob postavený společností White Star Line. RMS Titanic se během necelých tří hodin po kolizi s ledovou horou potopil na své panenské plavbě a zároveň s...

Celý popis

Uloženo v:
Hlavní autor: Králíček, Václav (Autor)
Médium: E-kniha
Jazyk:Czech
Vydáno: Praha : Nakladatelství Epocha s.r.o., 2019
Tagy:
Žádné tagy
LEADER 02194nam a22002297i 4500
001 311051
007 ta
008 260601s2019 xr ||||| |||| 00| 0 cze d
020 |a 9990001850265 
044 |a xr 
100 1 |a  Králíček, Václav  |4 aut 
245 1 0 |a Titanic /  |c  Králíček, Václav 
264 1 |a Praha :  |b Nakladatelství Epocha s.r.o.,  |c 2019 
300 |a 1 online zdroj (400 stran) 
336 |a text  |b txt  |2 rdacontent 
337 |a bez média  |b n  |2 rdamedia 
338 |a online zdroj  |b cr  |2 rdacarrier 
520 2 |a 2. vydání knihy Titanic Temná nedělní noc ze 14. na 15. dubna 1912 před sto lety se stala tragickou pro nejluxusnější parník všech dob postavený společností White Star Line. RMS Titanic se během necelých tří hodin po kolizi s ledovou horou potopil na své panenské plavbě a zároveň s ním zahynuly dvě třetiny všech lidí nacházejících se na palubě. Kniha se zabývá nejen samotnou tragédií, ale podrobně i příčinami, které ji s největší pravděpodobností způsobily. Zároveň se daří ve světle nově objevených faktů vyvrátit některé hluboce zakořeněné mýty, neustále se opakující v souvislosti s potopením Titaniku. Ať už jde o osud konstruktéra Andrewse, chování následně glorifikovaného kapitána Smithe v průběhu celé noci či o nešťastné povely prvního palubního důstojníka Murdocha. Stejně tak se pokouší zmapovat a vysvětlit události následující bezprostředně po kolizi. Velmi podrobně se také zabývá možnostmi záchrany cestujících a posádky. Překvapivě se tak při detailnějším rozboru faktů jeví i slavný pokyn „ženy a děti první“. 
910 |a RBIT002 
998 |d 185026  |a https://core.palmknihy.cz/api/books/185026/cover?prjf3w  |b https://core.palmknihy.cz/api/books/185026/cover/400?prjf3w  |c https://core.palmknihy.cz/api/books/185026/cover/50?prjf3w  |e 2027-07-31  |g 400  |i 9990001850265  |j https://core.palmknihy.cz/api/books/185026/preview.epub  |k https://core.palmknihy.cz/api/books/185026/preview.pdf  |l   |q 49  |r 1  |s https://www.palmknihy.cz/kniha/185026  |t ebook  |y 2019  |z 1 
999 |d 311049